The Supporting Characters of Suikoden's I & II by picture - Statistics

General Stats
  • This quiz has been taken 28 times
    19 since last reset
  • The average score is 26 of 44
Answer Stats
Picture Answer % Correct
Gremio
91%
Luca Blight
91%
Tir McDohl
91%
Barbarosa
82%
Jowy Atreides
82%
Leknaat
82%
Odessa Silverberg
82%
Yuber
82%
Leon Silverberg
73%
Makumaku
73%
Mekumeku
73%
Mikumiku
73%
Mokumoku
73%
Neclord
73%
Pohl
73%
Seed
73%
Ted
73%
Teo McDohl
73%
Celestial Sword
64%
Culgan
64%
Lepant
64%
Pilika
64%
Windy
64%
Agares Blight
55%
Elza
55%
Jillia Blight
55%
Lucia
55%
Rowd
55%
Rulodia
55%
Ain Gide
45%
Commander Kraze
45%
Gorudo
45%
Hanzo
45%
Kanaan
45%
Sasarai
45%
Anabelle
36%
Chuchara
36%
Gustav Pendragon
36%
Han Cunningham
36%
Solon Jhee
36%
Chief of the Dwarves
27%
Ellie
27%
Lilly Pendragon
18%
Makai
9%
No matching quizzes found
Score Distribution
Percent of People with Each Score
Percentile by Number Answered
Your Score History
You have not taken this quiz since the last reset